| 000 | 01122nam1a22002531i 4500 | ||
|---|---|---|---|
| 001 | rc\4457868 | ||
| 005 | 20260408053523.0 | ||
| 035 | _a(NLR Aleph) 008590761 | ||
| 090 |
_a8642262 _c8642262 |
||
| 100 | _a20130416d1961 |||y0rusy50 ca | ||
| 101 | 0 | _arus | |
| 102 | _aRU | ||
| 105 | _ay z ||||| | ||
| 200 | 1 |
_aТруды VI Всесоюзного съезда анатомов, гистологов и эмбриологов. Киев, 8-14 июля 1958 г. _eТ. 1- _fМ-во здравоохранения СССР. Всесоюз. науч. о-во анатомов, гистологов и эмбриологов |
|
| 210 |
_aХарьков _cБ. и. _d1961 |
||
| 215 | _d26 | ||
| 606 |
_aЭмбриология _jСборники _2psbo |
||
| 606 |
_aАнатомия _jСборники _2psbo |
||
| 606 |
_aГистология _jСборники _2psbo |
||
| 710 | 1 | 2 |
_aВсесоюзный съезд анатомов, гистологов и эмбриологов _d6 _eКиев _f1958 _9288125 _3RU\NLR\AUTH\8810199850 |
| 801 | 0 |
_aRU _bNLR _gpsbo |
|
| 801 | 1 |
_aRU _bELAR _2rusmarc |
|
| 852 |
_aNLR _j61-7/1594 |
||
| 942 | _cBOOK | ||